Introducción al derecho

Đã lưu trong:
Chi tiết về thư mục
Tác giả chính: Atienza Rodríguez, Manuel (Tác giả)
Định dạng: Sách
Ngôn ngữ:Tiếng Tây Ban Nha
Được phát hành: Barcelona Barcanova 1985
Phiên bản:3a. ed
Loạt:Temas Universitarios
Những chủ đề:
Các nhãn: Thêm thẻ
Không có thẻ, Là người đầu tiên thẻ bản ghi này!

MARC

LEADER 00000nam a2200000 a 4500
001 UCV1930
003 CL-VaPUC
008 910621e19850000SP |||||||||||||||||spa|d
082 0 4 |a 340.1  |b ATI  |2 21 
100 0 |a Atienza Rodríguez, Manuel  |e author  |9 296123 
245 1 0 |a Introducción al derecho 
250 |a 3a. ed 
300 |a 403 p 
942 |c BK 
945 |d 19910621 00:00:00 
260 |a Barcelona  |b Barcanova  |c 1985 
650 7 |a DERECHO  |2 CL-VaPUC  |9 296124 
583 |a last modification  |c 19910621 00:00:00  |k Rodrigo Vera 
490 0 |a Temas Universitarios 
999 |c 209672  |d 209670 
952 |0 0  |1 0  |4 0  |6 340_100000000000000_ATI_1985  |7 0  |8 DER_TF  |9 185256  |a BIBDER  |b BIBDER  |d 2019-11-14  |i 2527294  |l 1  |o 340.1 ATI 1985  |p 2527294  |r 2023-01-25  |s 2020-03-16  |w 2019-11-14  |x Ubicación 4to Piso  |y BK  |z Estos recursos deben solicitarse con anticipación  |k DER